[Event "15th ETC"]
[Site "Gothenburg SWE"]
[Date "2005.07.30"]
[Round "1"]
[White "Neubauer,M"]
[Black "Georgiev,Ki"]
[Result "0-1"]
[WhiteElo "2468"]
[BlackElo "2666"]
[EventDate "2005.07.30"]

1. e4 e5 2. Nf3 Nc6 3. Nc3 Nf6 4. Bb5 Bb4 5. O-O Bxc3 6. dxc3 d6 7. Re1 O-O
8. h3 h6 9. Nh2 Ne7 10. Ng4 Nxg4 11. hxg4 Be6 12. Bf1 Qd7 13. f3 f6 14. c4
c6 15. Be3 Rfd8 16. Bf2 Qc7 17. c3 Kf7 18. Qa4 b6 19. Rad1 a6 20. a3 Rh8
21. Rd2 b5 22. cxb5 axb5 23. Qd1 Rad8 24. a4 bxa4 25. Qxa4 Ra8 26. Qc2 h5
27. gxh5 Rxh5 28. Red1 Rah8 29. Be3 d5 30. b4 f5 31. Ra1 d4 32. cxd4 exd4
33. Bxd4 Qg3 0-1

[Event "15th ETC"]
[Site "Gothenburg SWE"]
[Date "2005.07.30"]
[Round "1"]
[White "Cheparinov,I"]
[Black "Pilaj,H"]
[Result "1-0"]
[WhiteElo "2634"]
[BlackElo "2425"]
[EventDate "2005.07.30"]

1. e4 e6 2. d4 d5 3. Nc3 Bb4 4. e5 c5 5. a3 Bxc3+ 6. bxc3 Qa5 7. Bd2 Qa4 8.
Qg4 Kf8 9. Qd1 Nc6 10. Nf3 c4 11. h4 Nge7 12. h5 h6 13. g4 Ke8 14. Bh3 Bd7
15. Rg1 Kd8 16. g5 Kc7 17. gxh6 gxh6 18. Bf4 Rag8 19. Rxg8 Nxg8 20. Kd2 Rh7
21. Qe2 Nce7 22. Nh2 b5 23. Ng4 Kb7 24. Nf6 Nxf6 25. exf6 Nc6 26. Bd6 Qa5
27. Rg1 Nxd4 28. Qe3 Qb6 29. Bf4 e5 30. Bxd7 Qxf6 31. cxd4 exf4 32. Qe5
Qxe5 33. dxe5 1-0

[Event "15th ETC"]
[Site "Gothenburg SWE"]
[Date "2005.07.30"]
[Round "1"]
[White "Lehner,O"]
[Black "Bojkov,D"]
[Result "0-1"]
[WhiteElo "2428"]
[BlackElo "2522"]
[EventDate "2005.07.30"]

1. e4 e5 2. Nf3 Nc6 3. Bb5 a6 4. Ba4 Nf6 5. O-O Be7 6. Re1 b5 7. Bb3 d6 8.
c3 O-O 9. h3 Na5 10. Bc2 c5 11. d4 Qc7 12. Nbd2 cxd4 13. cxd4 Nc6 14. a3
Bd7 15. d5 Na5 16. Bd3 Rfc8 17. Nf1 Bd8 18. Rb1 Qa7 19. Be3 Bb6 20. N3d2
Rc7 21. Qe2 Rac8 22. Bxb6 Qxb6 23. Ne3 Nb7 24. b4 Rc3 25. Nb3 g6 26. Nd1
R3c7 27. Qe3 Qxe3 28. fxe3 Nh5 29. Nf2 Rc3 30. g4 Nf6 31. Rec1 h5 32. g5
Nh7 33. h4 f6 34. gxf6 Nxf6 35. Rxc3 Rxc3 36. Kf1 Ng4 37. Nxg4 Bxg4 38. Nc1
Rxa3 39. Ke1 Bd7 40. Rb2 a5 41. bxa5 Rxa5 42. Nb3 Ra3 43. Be2 Kf7 44. Nd2
Nc5 45. Kf2 Na4 46. Rc2 Nc3 47. Bf3 Ke7 48. Rb2 Na4 49. Rc2 Nc5 50. Be2 Ra4
51. Rb2 Nxe4+ 52. Nxe4 Rxe4 53. Bxb5 Rxh4 54. Rb3 Bxb5 55. Rxb5 e4 0-1

[Event "15th ETC"]
[Site "Gothenburg SWE"]
[Date "2005.07.30"]
[Round "1"]
[White "Rusev,K"]
[Black "Danner,G"]
[Result "1/2-1/2"]
[WhiteElo "2426"]
[BlackElo "2408"]
[EventDate "2005.07.30"]

1. d4 d5 2. c4 c6 3. Nf3 dxc4 4. e3 Be6 5. Nc3 b5 6. a4 b4 7. Ne4 Nf6 8.
Ng3 c5 9. Ng5 Bd5 10. e4 h6 11. exd5 hxg5 12. dxc5 Qxd5 13. Qxd5 Nxd5 14.
Bxc4 e6 15. Bb5+ Nd7 16. c6 N7f6 17. Bxg5 Bd6 18. Bxf6 Nxf6 19. O-O-O Ke7
20. Rhe1 Bxg3 21. hxg3 Rad8 22. f3 Rxd1+ 23. Rxd1 Nd5 24. Kb1 Kd6 25. Ka2
Rh2 26. Rd2 Rh1 27. a5 Rc1 28. Kb3 Rc5 29. Ka4 g6 30. f4 Rc1 31. Kb3 Rc5
32. Ka4 f5 33. Be2 Rxc6 34. Bf3 Rc4 35. Kb3 Rc5 36. Bxd5 exd5 37. Kxb4 Rc4+
38. Kb3 Kc5 39. Re2 Rb4+ 40. Kc2 Rc4+ 41. Kb3 Rb4+ 42. Ka3 Re4 43. Rc2+ Kb5
44. Rc7 Kxa5 45. Rxa7+ Kb5 46. Rd7 Re3+ 47. b3 Kc6 48. Rd8 Rxg3 49. Rc8+
Kb5 50. Rd8 Kc5 51. Ka4 Rxg2 52. b4+ Kc4 53. Rc8+ Kd3 54. Kb3 Rg1 55. Kb2
g5 56. fxg5 Rxg5 57. b5 f4 58. Rf8 Ke3 59. Re8+ Kd2 60. Rd8 f3 61. b6 f2
62. Rf8 d4 63. Rxf2+ Ke3 64. Rf6 Rb5+ 65. Kc1 Ke2 66. Re6+ Kd3 67. Rc6
1/2-1/2

[Event "15th ETC"]
[Site "Gothenburg SWE"]
[Date "2005.07.30"]
[Round "1"]
[White "Ong,Kez"]
[Black "Jobava,Ba"]
[Result "1/2-1/2"]
[WhiteElo "2371"]
[BlackElo "2621"]
[EventDate "2005.07.30"]

1. e4 c5 2. Nf3 d6 3. d4 cxd4 4. Nxd4 Nf6 5. Nc3 Nc6 6. Bg5 e6 7. Qd2 Be7
8. O-O-O O-O 9. f4 Nxd4 10. Qxd4 Qa5 11. Bc4 Rd8 12. e5 dxe5 13. Qxe5 Qb6
14. Rxd8+ Bxd8 15. Rd1 Bd7 16. f5 h6 17. fxe6 Bxe6 18. Bxe6 Bc7 19. Nd5
Bxe5 20. Nxb6 axb6 21. Bxf6 Bf4+ 22. Kb1 fxe6 23. Bc3 Rf8 24. g3 Bc7 25. a4
Rf7 26. Re1 Rf2 27. Rxe6 Kf7 28. Re3 Rxh2 29. Bxg7 Rh3 30. Be5 Bxe5 31.
Rxe5 Rxg3 32. Rb5 Rg6 33. b4 Rf6 34. a5 Kg6 35. axb6 h5 36. Kb2 h4 37. Rd5
Rf4 38. Kb3 h3 39. Rd1 Kf5 40. c4 Rf3+ 41. Ka4 Kg4 42. b5 Rf4 43. Kb3 Rf5
44. Kb4 Rf4 45. Kb3 h2 46. c5 Rf3+ 47. Kb4 Rf4+ 48. Ka5 Rf5 49. Kb4 Rf4+
1/2-1/2

[Event "15th ETC"]
[Site "Gothenburg SWE"]
[Date "2005.07.30"]
[Round "1"]
[White "Pantsulaia,L"]
[Black "Tikkanen,H"]
[Result "1/2-1/2"]
[WhiteElo "2510"]
[BlackElo "2316"]
[EventDate "2005.07.30"]

1. d4 g6 2. c4 Bg7 3. Nf3 d6 4. Nc3 Bg4 5. g3 Bxf3 6. exf3 c6 7. d5 Nd7 8.
Be2 Qc7 9. O-O Ngf6 10. Be3 O-O 11. Rc1 Rfc8 12. Re1 Qd8 13. Bf1 cxd5 14.
cxd5 Ne5 15. f4 Nc4 16. Bd4 Ne8 17. Bxg7 Nxg7 18. Bh3 Rc7 19. Re2 Nb6 20.
Qd3 Na4 21. Rec2 Nxc3 22. Rxc3 Rxc3 23. Rxc3 Ne8 24. Qd4 Nf6 25. a3 Qa5 26.
Bg2 Qd8 27. Qc4 Kf8 28. Bf3 Qd7 29. Kg2 Ke8 30. Qd4 h5 31. h3 a6 32. g4 Rc8
33. Re3 Kd8 34. gxh5 gxh5 35. Bxh5 Qb5 36. Bf3 Rc4 37. Qd3 Qc5 38. b4 Qd4
39. Qf5 Qxf4 40. Qxf4 Rxf4 41. Rd3 Rc4 42. Kg3 Ke8 43. h4 Kf8 44. Kh3 b6
45. Kg3 a5 1/2-1/2

[Event "15th ETC"]
[Site "Gothenburg SWE"]
[Date "2005.07.30"]
[Round "1"]
[White "Olsson,L"]
[Black "Mchedlishvili,M"]
[Result "1/2-1/2"]
[WhiteElo "2352"]
[BlackElo "2549"]
[EventDate "2005.07.30"]

1. d4 Nf6 2. c4 c6 3. Nf3 d5 4. Nc3 dxc4 5. e4 b5 6. e5 Nd5 7. a4 h6 8.
axb5 Nxc3 9. bxc3 cxb5 10. Ba3 Be6 11. Be2 Bd5 12. Nd2 Nc6 13. Bf3 e6 14.
Bxf8 Kxf8 15. Ne4 Ne7 16. Nd6 Qd7 17. Ra5 a6 18. O-O g6 19. Bxd5 Nxd5 20.
Nxb5 Kg7 21. Nd6 Nxc3 22. Qf3 Nd5 23. Nxc4 Rhc8 24. Ne3 Rc3 25. Rfa1 Rac8
26. h3 Rc1+ 27. Kh2 Rxa1 1/2-1/2

[Event "15th ETC"]
[Site "Gothenburg SWE"]
[Date "2005.07.30"]
[Round "1"]
[White "Atakisi,U"]
[Black "Markus,R"]
[Result "1/2-1/2"]
[WhiteElo "2437"]
[BlackElo "2591"]
[EventDate "2005.07.30"]

1. e4 c5 2. Nf3 e6 3. d4 cxd4 4. Nxd4 a6 5. Nc3 Qc7 6. Bd3 Nf6 7. O-O Bc5
8. Nb3 Be7 9. f4 d6 10. Bd2 Nbd7 11. Kh1 b6 12. Qf3 Bb7 13. Rae1 h5 14. Nd4
g6 15. Qh3 Ng4 16. f5 gxf5 17. exf5 e5 18. f6 Ngxf6 19. Nf5 Rg8 20. Re2 Bf8
21. Ng3 Be7 22. Nxh5 Qc6 23. Nxf6+ Nxf6 24. Ne4 Nxe4 25. Bxe4 Qxe4 26. Rxe4
Bxe4 27. Rf2 f5 28. Re2 Rf8 29. Kg1 d5 30. b4 b5 31. Qc3 Bd6 32. Qc6+ Ke7
33. Rxe4 dxe4 34. Bg5+ Ke6 35. c4 bxc4 36. Qxc4+ Kd7 37. h4 Rac8 38. Qxa6
Ke6 39. Qa4 Rc3 40. Bd2 Rd3 41. Qc2 f4 42. a4 f3 43. gxf3 Rfxf3 44. Qc4+
Kf5 45. Qf7+ Kg4 46. Qg6+ Kh3 47. Qg2+ Kxh4 48. Qg5+ Kh3 49. Qh5+ Kg3 50.
Qg5+ Kh3 51. Qh5+ Kg3 52. Be1+ Kf4 53. Qh6+ Kf5 54. Qh7+ Kf4 55. Qh6+ Kf5
56. Qh5+ Kf4 57. Bd2+ Kg3 58. Qg6+ Kh3 59. Qh6+ Kg3 60. Be1+ Kg4 61. Qg6+
Kf4 62. Bd2+ Rxd2 63. Qh6+ Kf5 64. Qxd2 Rd3 65. Qf2+ Ke6 66. Qa2+ Kf5 67.
Qf7+ Kg4 68. Qg6+ Kf4 69. Qf6+ Kg4 70. Qg7+ Kf4 71. Qf7+ Kg4 72. Qc4 Kf3
73. Qf7+ Kg4 74. a5 Rg3+ 75. Kh2 Rh3+ 76. Kg2 Rg3+ 77. Kh2 Rh3+ 1/2-1/2

[Event "15th ETC"]
[Site "Gothenburg SWE"]
[Date "2005.07.30"]
[Round "1"]
[White "Ivanisevic,I"]
[Black "Haznedaroglu,K"]
[Result "1-0"]
[WhiteElo "2577"]
[BlackElo "2430"]
[EventDate "2005.07.30"]

1. d4 d5 2. c4 c6 3. Nf3 Nf6 4. Nc3 dxc4 5. a4 Bf5 6. Nh4 Bd7 7. e3 e6 8.
Bxc4 c5 9. O-O Be7 10. Nf3 O-O 11. dxc5 Bxc5 12. e4 Bc6 13. Qe2 Nfd7 14.
Bf4 Qf6 15. Bg3 h6 16. Rfd1 Nb6 17. Bd3 a5 18. e5 Qe7 19. Ne4 N8d7 20. Bh4
Qe8 21. Bb5 Nd5 22. Rac1 Bxb5 23. Qxb5 b6 24. Nd6 Bxd6 25. exd6 Rc8 26. Nd4
Rc5 27. Rxc5 Nxc5 28. Nc6 f6 29. f3 Kh7 30. Bf2 Nb7 31. Bg3 Nc5 32. Bf2 Nb7
33. Ne7 Nxd6 34. Qd3+ f5 35. Nxd5 exd5 36. Qxd5 Rf6 37. Bxb6 Qxa4 38. b3
Qa2 39. Bxa5 Rg6 40. Bd2 Qa7+ 41. Kf1 Qa6+ 42. Kf2 Rxg2+ 43. Kxg2 Qe2+ 44.
Kg3 Qxd1 45. Kf2 Nf7 46. Qxf5+ Kg8 47. Qc8+ Kh7 48. Qc3 Qb1 49. b4 Qf5 50.
Qd4 Qh5 51. Qe4+ Kg8 52. Bf4 Qb5 53. Be3 Ne5 54. Kg3 Nf7 55. Bc5 Ng5 56.
Qa8+ Kh7 57. h4 Nf7 58. Qe4+ Kg8 59. Qe7 Qb8+ 60. Kg2 h5 61. Qd7 Qe5 62.
Bf2 Nd6 63. Qc6 Kf7 64. Qc2 Nb5 65. Qc4+ Kg6 66. Bg3 Qb2+ 67. Kh3 Na3 68.
Qe4+ Kf6 69. Bf4 Qa1 70. Kg2 Qb2+ 71. Kg3 Qa1 72. Qc6+ Kf7 73. Qd7+ Kg8 74.
Qe8+ Kh7 75. Qxh5+ Kg8 76. Qd5+ Kh7 77. Kg4 Qb2 78. Qe4+ Kg8 79. h5 Qg2+
80. Bg3 Qb2 81. Qe8+ Kh7 82. Qg6+ Kh8 83. Qe4 Nc2 84. b5 Nd4 85. Qe8+ Kh7
86. Qg6+ Kh8 87. b6 Ne2 88. Qe8+ Kh7 89. Qe4+ Kg8 90. b7 1-0

[Event "15th ETC"]
[Site "Gothenburg SWE"]
[Date "2005.07.30"]
[Round "1"]
[White "Erdogdu,M"]
[Black "Perunovic,Mil"]
[Result "1-0"]
[WhiteElo "2403"]
[BlackElo "2559"]
[EventDate "2005.07.30"]

1. e4 c5 2. Nf3 d6 3. d4 cxd4 4. Nxd4 Nf6 5. Nc3 Nc6 6. Bg5 e6 7. Qd2 Be7
8. O-O-O Nxd4 9. Qxd4 O-O 10. f3 a6 11. h4 Qa5 12. Kb1 b5 13. Qd2 b4 14.
Ne2 e5 15. Nc1 Be6 16. Bd3 Rfd8 17. Qf2 Qc7 18. Be3 Qb7 19. g4 d5 20. g5 d4
21. Bd2 Nh5 22. Ne2 a5 23. f4 b3 24. cxb3 a4 25. b4 exf4 26. a3 Bg4 27.
Nxf4 Nxf4 28. Qxf4 Bxd1 29. Rxd1 Rac8 30. Rf1 Bd6 31. e5 Bb8 32. h5 Qd5 33.
g6 Rf8 34. Be4 Qc4 35. gxh7+ Kh8 36. Rg1 Qe6 37. Bf5 Qxe5 38. Bxc8 Qxf4 39.
Bxf4 Rxc8 40. Bxb8 Rxb8 41. b3 axb3 42. Kb2 Kxh7 43. Kxb3 f5 44. a4 Kh6 45.
Rh1 Kg5 46. a5 Kf4 47. Kc4 Ke3 48. b5 d3 49. b6 d2 50. Kb5 Rc8 51. b7 Rc1
52. b8=Q Rxh1 53. Qg3+ 1-0

[Event "15th ETC"]
[Site "Gothenburg SWE"]
[Date "2005.07.30"]
[Round "1"]
[White "Solak,D"]
[Black "Erturan,Y"]
[Result "1-0"]
[WhiteElo "2557"]
[BlackElo "2311"]
[EventDate "2005.07.30"]

1. c4 e5 2. g3 Nf6 3. Bg2 c5 4. Nc3 Be7 5. d3 O-O 6. e3 Nc6 7. Nge2 d6 8.
O-O Be6 9. Nd5 Qd7 10. Nec3 Rab8 11. a3 Bd8 12. Qa4 Bh3 13. b4 Bxg2 14.
Kxg2 Nxd5 15. Nxd5 b6 16. Bb2 Qb7 17. e4 Ne7 18. f4 exf4 19. Nxf4 b5 20.
Qb3 Nc6 21. cxb5 Qxb5 22. Ne6 Na5 23. Qd5 cxb4 24. Qxb5 Rxb5 25. Nxf8 Kxf8
26. axb4 Rxb4 27. Bc3 Rb5 28. Rfb1 Rxb1 29. Rxb1 Nc6 30. Rc1 Ne5 31. d4 Nc6
32. d5 Ne5 33. Bxe5 dxe5 34. Rc8 Ke7 35. Rb8 a5 36. Rb7+ Ke8 37. Kf3 Be7
38. Ra7 Bb4 39. Ke2 g6 40. g4 h5 41. gxh5 gxh5 42. Kd3 h4 43. h3 f6 44. Kc4
1-0

[Event "15th ETC"]
[Site "Gothenburg SWE"]
[Date "2005.07.30"]
[Round "1"]
[White "Shaw,J"]
[Black "Schandorff,L"]
[Result "1/2-1/2"]
[WhiteElo "2449"]
[BlackElo "2519"]
[EventDate "2005.07.30"]

1. e4 c5 2. Nf3 Nc6 3. Bb5 g6 4. Bxc6 dxc6 5. d3 Bg7 6. h3 Nf6 7. Nc3 Nd7
8. Be3 e5 9. Nd2 Qe7 10. Nc4 b6 11. a4 Ba6 12. b3 Nf8 13. Qd2 Ne6 14. Bh6
Bxh6 15. Qxh6 Bxc4 16. bxc4 a5 17. Rb1 Rb8 18. O-O Qf8 19. Qd2 Qd6 20. Rb2
O-O 21. Rfb1 Qc7 22. Ne2 Rb7 23. Rb3 Rfb8 24. R1b2 Qd6 25. Qc1 Qd7 1/2-1/2

[Event "15th ETC"]
[Site "Gothenburg SWE"]
[Date "2005.07.30"]
[Round "1"]
[White "Hansen,LB"]
[Black "Muir,A"]
[Result "1-0"]
[WhiteElo "2567"]
[BlackElo "2322"]
[EventDate "2005.07.30"]

1. c4 e6 2. Nf3 d5 3. g3 Nf6 4. d4 Bb4+ 5. Bd2 Be7 6. Bg2 O-O 7. O-O c6 8.
Qb3 b6 9. Nc3 Ba6 10. cxd5 cxd5 11. Rfc1 Nc6 12. Nxd5 Qxd5 13. Qxd5 Nxd5
14. Rxc6 Bxe2 15. Ne5 Bb5 16. Rc2 Ba4 17. b3 Bb5 18. a4 Ba6 19. b4 Rac8 20.
Nc6 Bf6 21. Rcc1 Rc7 22. Bxd5 exd5 23. Bf4 Rcc8 24. b5 Bb7 25. Nxa7 Ra8 26.
Nc6 Bxc6 27. bxc6 Bxd4 28. Ra2 b5 29. Rd2 Rxa4 30. c7 Rc8 31. Rcd1 g5 32.
Bxg5 Bb6 33. Rxd5 Rxc7 34. Rd8+ Kg7 35. R8d6 Bc5 36. Bh6+ 1-0

[Event "15th ETC"]
[Site "Gothenburg SWE"]
[Date "2005.07.30"]
[Round "1"]
[White "Grant,J"]
[Black "Palo,D"]
[Result "0-1"]
[WhiteElo "2273"]
[BlackElo "2519"]
[EventDate "2005.07.30"]

1. c4 e5 2. g3 c6 3. Nf3 e4 4. Nd4 d5 5. cxd5 Nf6 6. Nc3 cxd5 7. Qb3 Bc5 8.
Qb5+ Nbd7 9. Nb3 a6 10. Qa4 Ba7 11. Bg2 O-O 12. O-O Ne5 13. d3 b5 14. Qa3
exd3 15. Nd2 Rb8 16. b4 d4 17. Ncb1 dxe2 18. Re1 d3 19. Nf3 Bxf2+ 20. Kh1
Bb7 21. Nxe5 Qd5 22. Rg1 Qxg2+ 23. Rxg2 e1=Q+ 0-1

[Event "15th ETC"]
[Site "Gothenburg SWE"]
[Date "2005.07.30"]
[Round "1"]
[White "Dutreeuw,M"]
[Black "Kotronias,V"]
[Result "1/2-1/2"]
[WhiteElo "2361"]
[BlackElo "2587"]
[EventDate "2005.07.30"]

1. e4 c5 2. Nf3 Nc6 3. d4 cxd4 4. Nxd4 Nf6 5. Nc3 d6 6. Bg5 e6 7. Qd2 a6 8.
O-O-O Bd7 9. f3 Be7 10. Be3 h5 11. Kb1 b5 12. Bd3 Rb8 13. h3 h4 14. f4 Qc7
15. Nf3 b4 16. Ne2 a5 17. Bf2 d5 18. exd5 Nxd5 19. Be4 Nf6 20. Bd3 Nd5 21.
Be4 Nb6 22. Bxb6 Rxb6 23. Ned4 Nxd4 24. Qxd4 Bf6 25. Ne5 Bb5 26. Qf2 g6 27.
Bd3 Bxe5 28. fxe5 Bxd3 29. Rxd3 O-O 30. Rhd1 Rb5 31. Qxh4 Qxe5 32. Rd8 Rb8
33. R8d7 Rbc8 34. Qf2 a4 35. Qd4 Qe2 36. Qd2 Qb5 37. Qd3 Qc5 38. g3 a3 39.
b3 Qe5 40. Qd4 Qf5 41. Rd2 Qf1+ 42. Rd1 Qg2 43. Rc1 Qxg3 44. Qxb4 Ra8 45.
h4 Qe5 46. Qd4 Qxd4 47. Rxd4 e5 48. Re4 Rfe8 49. Rce1 f6 50. c3 Kf7 51. Kc2
Reb8 52. b4 Ke6 53. R1e2 Rg8 54. Kb3 g5 55. hxg5 Rxg5 56. b5 Rg1 57. Re1
Rxe1 58. Rxe1 f5 59. c4 f4 60. Kb4 f3 61. b6 f2 62. Rf1 Rf8 63. b7 e4 64.
Kc3 Rb8 65. Rxf2 Rxb7 66. Kd4 Rb2 67. Rf4 Rd2+ 68. Kxe4 Rxa2 69. Kd3 Rb2
70. Rf8 Kd6 71. Kc3 Kc5 72. Rc8+ Kb6 1/2-1/2

[Event "15th ETC"]
[Site "Gothenburg SWE"]
[Date "2005.07.30"]
[Round "1"]
[White "Papaioannou,I"]
[Black "Van der Stricht,G"]
[Result "1/2-1/2"]
[WhiteElo "2578"]
[BlackElo "2400"]
[EventDate "2005.07.30"]

1. d4 Nf6 2. c4 e6 3. g3 d5 4. Bg2 dxc4 5. Nf3 c5 6. O-O Nc6 7. Ne5 Bd7 8.
Na3 cxd4 9. Naxc4 Nd5 10. Nxc6 Bxc6 11. Qxd4 Nb4 12. Qxd8+ Rxd8 13. Bd2
Bxg2 14. Kxg2 Nc6 15. Bc3 f6 16. Rfd1 Be7 17. e4 Kf7 18. a4 Rhe8 19. b4
Nxb4 20. Na5 Rxd1 21. Rxd1 Rc8 22. Bxb4 Bxb4 23. Nxb7 a5 24. Rd7+ Kf8 25.
Nd6 Bxd6 26. Rxd6 Rc4 27. Rxe6 Rxa4 28. Kf3 Kf7 29. Ra6 Ra1 30. Ra7+ Kg6
31. h4 h5 32. Kf4 a4 33. Ra6 Kh7 34. Kf5 a3 35. f4 Ra2 36. Ra8 Ra1 37. Ra7
Ra2 38. Ke6 Re2 39. e5 a2 40. Kf5 fxe5 41. fxe5 Rf2+ 42. Ke6 Re2 43. Kf5
1/2-1/2

[Event "15th ETC"]
[Site "Gothenburg SWE"]
[Date "2005.07.30"]
[Round "1"]
[White "Claesen,P"]
[Black "Banikas,H"]
[Result "0-1"]
[WhiteElo "2384"]
[BlackElo "2548"]
[EventDate "2005.07.30"]

1. d4 Nf6 2. Nf3 g6 3. Nc3 d5 4. Bf4 c6 5. e3 Bg4 6. Be2 Nbd7 7. h3 Bxf3 8.
Bxf3 Bg7 9. O-O O-O 10. Qd2 b5 11. Rfe1 Re8 12. a4 b4 13. Na2 a5 14. c3
bxc3 15. Qxc3 c5 16. Qa3 cxd4 17. exd4 Qb6 18. Rad1 e6 19. Nc3 Bf8 20. Qa2
Rec8 21. Nb5 Ne8 22. Rc1 Bb4 23. Red1 Nd6 24. Nc3 Rab8 25. Nb5 Nf6 26. Be5
Nfe8 27. g4 Nxb5 28. Bxb8 Rxc1 29. Rxc1 Nxd4 30. Rc8 Nxf3+ 31. Kg2 Ne1+ 32.
Kg3 Kf8 33. Qb3 Qb7 34. Rd8 Ke7 0-1

[Event "15th ETC"]
[Site "Gothenburg SWE"]
[Date "2005.07.30"]
[Round "1"]
[White "Halkias,S"]
[Black "Docx,S"]
[Result "1-0"]
[WhiteElo "2548"]
[BlackElo "2310"]
[EventDate "2005.07.30"]

1. d4 d5 2. Nf3 c5 3. c4 e6 4. cxd5 exd5 5. g3 Nc6 6. Bg2 Nf6 7. O-O Be7 8.
dxc5 Bxc5 9. Bg5 O-O 10. Nc3 d4 11. Ne4 Be7 12. Bxf6 Bxf6 13. b4 Nxb4 14.
Nxf6+ Qxf6 15. Qxd4 Qe7 16. Qb2 Nc6 17. Rfd1 Bg4 18. h3 Bh5 19. Rd2 Rad8
20. Rad1 Bg6 21. Rxd8 Rxd8 22. Rxd8+ Nxd8 23. Ne5 Bf5 24. Qd4 b6 25. g4 Be6
26. a4 f6 27. Nd3 Qd7 28. Qe4 Bb3 29. a5 Bf7 30. a6 Bg6 31. Qa8 Bxd3 32.
exd3 b5 33. Bb7 b4 34. Qxa7 h5 35. Qb6 hxg4 36. a7 gxh3 37. Bf3 1-0

[Event "15th ETC"]
[Site "Gothenburg SWE"]
[Date "2005.07.30"]
[Round "1"]
[White "Weber,Je"]
[Black "Pert,N"]
[Result "1/2-1/2"]
[WhiteElo "2262"]
[BlackElo "2493"]
[EventDate "2005.07.30"]

1. d4 d5 2. c4 c6 3. cxd5 cxd5 4. Nc3 Nf6 5. Bf4 Nc6 6. e3 a6 7. Bd3 Bg4 8.
Nge2 e6 9. O-O Be7 10. Rc1 O-O 11. f3 Bh5 12. Na4 Bg6 13. Bxg6 hxg6 14. Nc5
Bxc5 15. Rxc5 Rc8 16. Qd2 Nd7 17. Rc2 Nf6 18. b3 g5 19. Bg3 Ne7 20. Rfc1
Rxc2 21. Rxc2 Nc6 22. Nc1 Qe7 23. Nd3 Nd7 24. Nc5 Nxc5 25. Rxc5 f5 26. b4
Qf6 27. a4 f4 28. exf4 gxf4 29. Bf2 Rf7 30. b5 axb5 31. axb5 Ne7 32. Rc7
Ng6 33. Rc8+ Rf8 34. Qc2 Kh7 35. h3 Rxc8 36. Qxc8 Qe7 37. b6 Kh6 38. Kh2
Kg5 39. Qg8 Kh6 40. h4 Qf6 41. Qc8 Qf5 42. Qxb7 Qc2 43. Kg1 Qd1+ 44. Kh2
Qe2 45. Kg1 Qd1+ 46. Kh2 Qf1 47. h5 Kxh5 48. Qxg7 Qxf2 49. Qh7+ Kg5 50. b7
Qg3+ 51. Kg1 Qe1+ 52. Kh2 1/2-1/2

[Event "15th ETC"]
[Site "Gothenburg SWE"]
[Date "2005.07.30"]
[Round "1"]
[White "Jones,Ri"]
[Black "Korchnoi,V"]
[Result "1/2-1/2"]
[WhiteElo "2072"]
[BlackElo "2615"]
[EventDate "2005.07.30"]

1. e4 c5 2. Nf3 e6 3. d4 cxd4 4. Nxd4 Nc6 5. Nb5 d6 6. Bf4 e5 7. Be3 Be7 8.
Nd2 a6 9. Nc3 Nf6 10. Bg5 Be6 11. Nc4 Nd4 12. Bxf6 Bxf6 13. Ne3 Rc8 14. Bd3
Bg5 15. Ncd5 O-O 16. c3 Nc6 17. Bc2 Kh8 18. O-O g6 19. Qe2 Bxe3 20. Nxe3
Qb6 21. Qd2 Qxb2 22. Rfb1 Qa3 23. Rxb7 Na5 24. Rb6 Rc6 25. Rxc6 Nxc6 26. h4
Ne7 27. Rd1 Rd8 28. Bb1 Rc8 29. Qxd6 Qxd6 30. Rxd6 Rxc3 31. Bc2 a5 32. Ra6
Nc6 33. Bb3 Kg7 34. Bd5 Bd7 35. Bxc6 Bxc6 36. Rxa5 h5 37. Nd5 Rc1+ 38. Kh2
Bxd5 39. Rxd5 Rc2 40. f3 Rxa2 41. Rxe5 Rb2 42. Ra5 1/2-1/2

[Event "15th ETC"]
[Site "Gothenburg SWE"]
[Date "2005.07.30"]
[Round "1"]
[White "Gallagher,Jo"]
[Black "James,Dav"]
[Result "1-0"]
[WhiteElo "2544"]
[BlackElo "2213"]
[EventDate "2005.07.30"]

1. e4 c5 2. Nf3 d6 3. d4 cxd4 4. Nxd4 Nf6 5. Nc3 a6 6. Be3 e5 7. Nf3 Be7 8.
Bc4 O-O 9. O-O Be6 10. Bb3 b5 11. Qe2 Nc6 12. Rfd1 Qc7 13. Bg5 Na5 14. Bxf6
Bxf6 15. Nd5 Bxd5 16. Bxd5 Rac8 17. c3 Be7 18. Ne1 Nc4 19. a4 Qd7 20. axb5
Qxb5 21. b3 Nb6 22. c4 Qb4 23. Nd3 Qc3 24. Rdc1 Qd4 25. Nb4 Bg5 26. Rd1 Qc3
27. Na2 Qa5 28. Qc2 Nxd5 29. Rxd5 Qb6 30. Nc3 Ra8 31. Rd3 f5 32. Rad1 Rad8
33. Nd5 Qa7 34. Rg3 Bf4 35. Rf3 fxe4 36. Qxe4 Bh6 37. Rdd3 a5 38. Nc3 Qc5
39. h4 Qa3 40. Qd5+ Kh8 41. Rxf8+ Rxf8 42. Qxd6 Qc1+ 43. Nd1 Re8 44. Qxe5
1-0

[Event "15th ETC"]
[Site "Gothenburg SWE"]
[Date "2005.07.30"]
[Round "1"]
[White "Trevelyan,J"]
[Black "Jenni,F"]
[Result "0-1"]
[WhiteElo "2196"]
[BlackElo "2494"]
[EventDate "2005.07.30"]

1. e4 e5 2. Nf3 Nc6 3. Bb5 a6 4. Bxc6 dxc6 5. d4 exd4 6. Qxd4 Qxd4 7. Nxd4
Bd7 8. Be3 O-O-O 9. Nd2 Ne7 10. O-O-O c5 11. N4f3 Nc6 12. Ng5 Be8 13. f4 b6
14. Ndf3 Be7 15. Rxd8+ Nxd8 16. e5 Bc6 17. Rf1 f5 18. exf6 gxf6 19. Nh3 Rg8
20. g3 Nf7 21. Nh4 Nd6 22. Ng1 Be4 23. Bd2 b5 24. Re1 Kd7 25. Nh3 Bd5 26.
Kb1 f5 27. Ng5 h6 28. Ngf3 Bxh4 29. Nxh4 Be4 30. Bc3 b4 31. Bf6 a5 32. Kc1
Kc6 33. Re2 a4 34. b3 c4 35. bxa4 Ra8 36. c3 b3 37. Kb2 Rxa4 38. axb3 cxb3
39. Kxb3 Kb5 40. Be7 Nc4 41. Ng6 c5 42. Ra2 Bc2+ 43. Rxc2 Ra3+ 0-1

[Event "15th ETC"]
[Site "Gothenburg SWE"]
[Date "2005.07.30"]
[Round "1"]
[White "Hug,W"]
[Black "Spice,A"]
[Result "1-0"]
[WhiteElo "2445"]
[BlackElo "2175"]
[EventDate "2005.07.30"]

1. d4 e6 2. Nf3 f5 3. Bg5 Be7 4. h4 Nf6 5. Nbd2 Ne4 6. Bxe7 Qxe7 7. e3 Nxd2
8. Qxd2 b6 9. O-O-O Bb7 10. Bd3 O-O 11. Qe2 Qf6 12. Rh2 Be4 13. Ng5 Bxd3
14. Qxd3 d5 15. f4 c6 16. Rg1 Nd7 17. g4 h6 18. Nf3 fxg4 19. Rxg4 Qf5 20.
Rhg2 Rf7 21. Qxf5 exf5 22. Rg6 Re8 23. Rxh6 Rf6 24. Rh5 Nf8 25. Rhg5 Ne6
26. Rg6 Rxg6 27. Rxg6 Kf7 28. h5 c5 29. dxc5 bxc5 30. Ng5+ Nxg5 31. Rxg5
Kf6 32. Rg6+ Kf7 33. Ra6 d4 34. Rxa7+ Ke6 35. Rxg7 Kd5 36. exd4 1-0

[Event "15th ETC"]
[Site "Gothenburg SWE"]
[Date "2005.07.30"]
[Round "1"]
[White "Hellsten,J"]
[Black "Antoniou,A"]
[Result "1-0"]
[WhiteElo "2582"]
[BlackElo "2198"]
[EventDate "2005.07.30"]

1. d4 d5 2. c4 dxc4 3. e3 a6 4. Bxc4 e6 5. Nf3 Nf6 6. O-O c5 7. Bd3 b5 8.
a4 b4 9. e4 Bb7 10. e5 Nd5 11. Nbd2 Nd7 12. Ne4 Be7 13. Bg5 O-O 14. dxc5
Bxg5 15. Nexg5 h6 16. Ne4 Qa5 17. Rc1 Bc6 18. Bc2 Rfd8 19. Nd4 Nxe5 20. Qh5
Qc7 21. Nd6 Rxd6 22. cxd6 Qxd6 23. Rfe1 f6 24. Rxe5 Nf4 25. Qd1 Bxg2 26.
Re3 1-0

[Event "15th ETC"]
[Site "Gothenburg SWE"]
[Date "2005.07.30"]
[Round "1"]
[White "Kassinopoullos,D"]
[Black "Berg,E"]
[Result "0-1"]
[WhiteElo "2094"]
[BlackElo "2539"]
[EventDate "2005.07.30"]

1. d4 e6 2. Nf3 Nf6 3. e3 d5 4. Bd3 c5 5. c3 Nc6 6. Nbd2 b6 7. O-O Qc7 8.
e4 cxd4 9. cxd4 dxe4 10. Nxe4 Nb4 11. Nxf6+ gxf6 12. Be4 Bb7 13. Bf4 Qd7
14. Bxb7 Qxb7 15. Rc1 Nd5 16. Bg3 Bh6 17. Rc2 O-O 18. Nd2 Bxd2 19. Qxd2 Kh8
20. Rfc1 Rg8 21. Qh6 Rg6 22. Qh4 Rag8 23. f3 Qa6 24. a3 Ne3 25. Rd2 Rc8 26.
Re1 Rc2 27. Rxc2 Nxc2 28. Rc1 Qe2 29. Qe4 Ne3 30. f4 Qd2 31. Re1 0-1

[Event "15th ETC"]
[Site "Gothenburg SWE"]
[Date "2005.07.30"]
[Round "1"]
[White "Hillarp Persson,T"]
[Black "Kyriakidis,T"]
[Result "1-0"]
[WhiteElo "2511"]
[BlackElo "2144"]
[EventDate "2005.07.30"]

1. d4 Nf6 2. c4 e6 3. Nc3 Bb4 4. e3 b6 5. Nge2 Ne4 6. Bd2 Nxd2 7. Qxd2 O-O
8. a3 Be7 9. Nf4 c6 10. Bd3 d5 11. Qc2 h6 12. cxd5 cxd5 13. Rc1 Nd7 14. Qe2
Bd6 15. Bb1 Bxf4 16. exf4 Qf6 17. Qd3 Qg6 18. Qxg6 fxg6 19. Bxg6 Rxf4 20.
Ne2 Rf6 21. Bd3 e5 22. O-O exd4 23. Nxd4 Nc5 24. Rfd1 a5 25. Bb5 Ba6 26.
Bxa6 Nxa6 27. f3 Re8 28. Re1 Rxe1+ 29. Rxe1 Kf7 30. Kf2 Nc5 31. Ke3 Rd6 32.
Kd2 Ne6 33. Kc3 Nc7 34. b4 axb4+ 35. axb4 Rd8 36. Ra1 Rc8 37. Ra7 Kf6 38.
Kd3 g6 39. Rb7 Na8 40. Rd7 Rc4 41. Rd6+ Kg7 42. Rxd5 Rxb4 43. Rd7+ Kf6 44.
Ra7 Rb2 45. Ne2 Rb3+ 46. Kd2 Rb2+ 47. Ke3 Rb3+ 48. Kf2 b5 49. Rxa8 b4 50.
Ra6+ Ke5 51. Rxg6 1-0